zpět

Detail výsledku týmu

R.A.M., Jablonec nad Nisou

Datum a čas kvízu

37 Celkem bodů Celkový počet nahraných bodů na tomto kvízu bez doplňovacích otázek.
4. Pořadí na kvízu Konečné umístění týmu na tomto kvízu.

Zaznamenané odpovědi

# Otázka Odpověď Body Výsledky
1. Nezvykle brzy letos vykvetly n... Jizerka 1
2. Na českém internetu se objevil... vrtulník 0
3. Ve zprávách se minulý týden ob... Čečensko 1
4. Andrej Babiš se na sociálních... Věra Jourová 1
5. V prvním přípravném zápase pře... Německo, David Tomášek 0.5
6. V pěti otázkách tohoto tématu... kámen 1
7. Jaká je denní dávka kuchyňské... B 1
8. Tato sůl získala své růžové zb... himálajská 1
9. Nejen lidé, ale i zvířata potř... liz 1
10. Chcete-li si užít blahodárného... D) Bad Ischl 1